| 000 | 00554nam a22001937a 4500 | ||
|---|---|---|---|
| 003 | OSt | ||
| 005 | 20140310182815.0 | ||
| 008 | 130228t xxu||||| |||| 00| 0 eng d | ||
| 050 |
_aBT 660 _b.D278 1952 |
||
| 082 |
_aM 232.91 _bD34 1952 |
||
| 245 |
_aThe Immaculate Heart : _bthe true story of Our Lady of Fatima / _cDe Marchi, John |
||
| 260 |
_aNew York : _bFarrar, Straus and Young, _cc1952. |
||
| 300 |
_a287 p. _bill. ; _c21 cm. |
||
| 521 | _aCollege Students | ||
| 526 | _c1210L-1700L | ||
| 541 | _j1 | ||
| 562 | _e1 | ||
| 942 |
_2lcc _cBK _kM |
||
| 999 |
_c16266 _d16266 |
||